[Event "16th VR Bank Open"]
[Site "Apolda GER"]
[Date "2007.08.24"]
[Round "2"]
[White "Hablizel,F"]
[Black "Kritz,L"]
[Result "0-1"]
[WhiteElo "2052"]
[BlackElo "2571"]

1.e4 c5 2.c3 Nf6 3.e5 Nd5 4.d4 cxd4 5.Nf3 e6 6.cxd4 b6 7.Nc3 Nxc3 8.bxc3 Qc7
9.Bd2 d6 10.exd6 Bxd6 11.Bd3 Nd7 12.Qe2 Bb7 13.O-O O-O 14.h3 Rac8 15.Rfe1 Bf4
16.Rac1 Bxf3 17.gxf3 Bxd2 18.Qxd2 Qd6 19.Qe3 Rfd8 20.Kh1 Nf6 21.Rg1 g6 22.Be4 Nd5
23.Bxd5 Qxd5 24.Rc2 Qf5 25.Rgc1 Qxh3+ 26.Kg1 Rd5 27.f4 Qh4 28.Qg3 Qf6 29.Kf1 Rf5  0-1

[Event "27th Open"]
[Site "Bratto ITA"]
[Date "2007.08.24"]
[Round "2"]
[White "Manca,F"]
[Black "Djabri,Z"]
[Result "1-0"]
[WhiteElo "2417"]
[BlackElo "2091"]

1.e4 c5 2.c3 Nf6 3.e5 Nd5 4.d4 cxd4 5.Nf3 e6 6.cxd4 d6 7.Bc4 Nc6 8.O-O Be7
9.exd6 Qxd6 10.Nc3 Nxc3 11.bxc3 O-O 12.Re1 b6 13.Ng5 Bxg5 14.Bxg5 Bb7 15.Bd3 Ne7
16.Re3 Qd5 17.Rg3 Ng6 18.h4 f6 19.Be3 f5 20.c4 Qd8 21.h5 f4 22.hxg6 fxg3
23.fxg3 h6 24.Qh5 Qd7 25.Re1 e5 26.d5 Qe7 27.Bf5 Bc8 28.Be4 Rb8 29.d6 Qxd6
30.Bxh6 Bg4 31.Qh4 Rf6 32.Bxg7 Kxg7 33.Qh7+ Kf8 34.g7+ Ke8 35.g8=Q+ Rf8 36.Qhf7+  1-0

[Event "15th Open"]
[Site "Nikea GRE"]
[Date "2007.08.24"]
[Round "2"]
[White "Rigopoulos,A"]
[Black "Haralabidis,T"]
[Result "1-0"]
[WhiteElo "1883"]
[BlackElo "2134"]

1.e4 c5 2.c3 Nf6 3.e5 Nd5 4.d4 cxd4 5.Nf3 e6 6.cxd4 d6 7.a3 Nc6 8.Bd3 Be7
9.O-O O-O 10.Qc2 h6 11.Qe2 f5 12.Bd2 Qb6 13.Bc3 dxe5 14.dxe5 Nf4 15.Qd2 Nxd3
16.Qxd3 Rd8 17.Qe2 Bd7 18.Rd1 Na5 19.Bxa5 Qxa5 20.Nc3 Rac8 21.Nd4 a6 22.Qe3 Qb6
23.Nxf5 Bc5 24.Ne7+ Kh8 25.Nxc8 Rxc8 26.Qd2 Bc6 27.b4 Be7 28.Qd4 Qc7 29.Ne4 Bd5
30.Nd6 Bxd6 31.exd6 Qxd6 32.Rac1 Rf8 33.f3 Qe7 34.Qe5 Rf5 35.Rc8+ Kh7 36.Qb8 Rg5
37.Kf2 Qf7 38.Rh8+ Kg6 39.Rf8 Qd7 40.Qe8+ Qxe8 41.Rxe8 Kf7 42.Rc8 Kf6 43.Rdc1 Ke7
44.Rg8 Kd7 45.h4 Rg6 46.h5 Rg5 47.g4 Bc6 48.Rc5 e5 49.Kg3 b6 50.Rc1 a5 51.Rf8 axb4
52.axb4 Kd6 53.Rd1+ Ke7 54.Rb8 b5 55.Rb6 Be8 56.Rd5 Bxh5 57.Rbxb5 Ke6 58.Rxe5+ Rxe5
59.Rxe5+  1-0

[Event "Open A"]
[Site "Polanica Zdroj POL"]
[Date "2007.08.24"]
[Round "8"]
[White "Siembab,B"]
[Black "Fistek,D"]
[Result "1/2-1/2"]
[WhiteElo "2210"]
[BlackElo "2167"]

1.e4 c5 2.c3 Nf6 3.e5 Nd5 4.d4 cxd4 5.Nf3 e6 6.cxd4 b6 7.Nc3 Nxc3 8.bxc3 Bb7
9.Bd3 Qc7 10.Bd2 d6 11.O-O Nd7 12.Re1 Rc8 13.Rc1 dxe5 14.Nxe5 Nxe5 15.Rxe5 Bd6
16.Rh5 g6 17.Rh3 Bf4 18.Bb5+  1/2-1/2

[Event "16th VR Bank Open"]
[Site "Apolda GER"]
[Date "2007.08.25"]
[Round "5"]
[White "Fink,L"]
[Black "Hannes,D"]
[Result "1/2-1/2"]
[WhiteElo "2095"]
[BlackElo "2036"]

1.e4 c5 2.c3 Nf6 3.e5 Nd5 4.d4 cxd4 5.Nf3 Nc6 6.cxd4 d6 7.Bc4 Nb6 8.Bb5 dxe5
9.Nxe5 Bd7 10.Nxd7 Qxd7 11.Nc3 e6 12.O-O Be7 13.Qg4 O-O 14.d5 Nxd5 15.Rd1 Rfd8
16.Bh6 Bf8 17.Bg5 f6 18.Bh4 Qf7 19.Re1 Ne5 20.Rxe5 fxe5 21.Bxd8 Rxd8  1/2-1/2

[Event "TCh-ESP CECLUB Sur Div 1"]
[Site "Burguillos ESP"]
[Date "2007.08.25"]
[Round "5"]
[White "Alcaraz Cordoba,S"]
[Black "Palma Macias,J"]
[Result "0-1"]
[WhiteElo "1876"]
[BlackElo "2165"]

1.e4 c5 2.c3 Nf6 3.e5 Nd5 4.d4 cxd4 5.cxd4 g6 6.Nf3 Bg7 7.Bc4 Nb6 8.Bb3 d6
9.exd6 Qxd6 10.h3 Nc6 11.Be3 O-O 12.Nc3 Be6 13.Bxe6 Qxe6 14.O-O Rfd8 15.Ne2 Nd5
16.Qd2 Rac8 17.Rac1 Nxe3 18.Qxe3 Qxa2 19.Rfd1 e6 20.Ra1 Qc4 21.Rac1 Qb4 22.Rc2 Qd6
23.Rdc1 Ne7 24.Rxc8 Rxc8 25.Rxc8+ Nxc8 26.Qa3 Qxa3 27.bxa3 Nb6 28.Nc3 Bf8
29.Kf1 a6 30.a4 Bb4 31.Na2 Ba5 32.Ne5 Nxa4 33.Nd7 Nc3 34.Nc1 Nb5 35.Nb3 Bc3
36.Ndc5 Nxd4 37.Nxd4 Bxd4 38.Nxb7 Kf8 39.Ke2 Ke7 40.Na5 Kd6  0-1

[Event "15th Open"]
[Site "Nikea GRE"]
[Date "2007.08.27"]
[Round "6"]
[White "Mitsakos,A"]
[Black "Nikolaidis,K"]
[Result "0-1"]
[WhiteElo "1853"]
[BlackElo "2316"]

1.e4 c5 2.c3 Nf6 3.e5 Nd5 4.d4 cxd4 5.cxd4 e6 6.Nc3 Nxc3 7.bxc3 Qc7 8.Qc2 d6
9.exd6 Bxd6 10.Bd3 Nd7 11.Nf3 b6 12.Bd2 h6 13.h3 Bb7 14.Be4 Rc8 15.O-O O-O
16.Bxb7 Qxb7 17.Rfe1 Qd5 18.Qb3 Rc4 19.a4 Rfc8 20.Qb5 Qb7 21.Re2 a6 22.Qb1 Qc6
23.Qe4 Rxa4 24.Rxa4 Qxa4 25.g4 Qc6 26.Qe3 Nf6 27.g5 hxg5 28.Nxg5 Qd5 29.Re1 Qf5
30.f4 Nd5 31.Qf3 Nxf4 32.Bxf4 Bxf4 33.Ne4 Bh2+ 34.Kg2 Qxf3+ 35.Kxf3 Bb8 36.Rg1 Kf8
37.Rc1 Ke7 38.Ke3 Rh8 39.Rh1 Rh4 40.Kd3 Bc7 41.c4 e5 42.d5 Bd6 43.Rh2 f5  0-1

[Event "XIX Open"]
[Site "Porto San Giorgio ITA"]
[Date "2007.08.28"]
[Round "8"]
[White "Michalczak,T"]
[Black "Csiszar,C"]
[Result "1-0"]
[WhiteElo "2324"]
[BlackElo "2430"]

1.e4 c5 2.c3 Nf6 3.e5 Nd5 4.Nf3 e6 5.d4 cxd4 6.cxd4 b6 7.Bd3 Bb7 8.Nc3 Nxc3
9.bxc3 Qc7 10.O-O d6 11.Bf4 Nd7 12.Re1 Be7 13.d5 Bxd5 14.exd6 Bxd6 15.Bxd6 Qxd6
16.Be4 Nf6 17.c4 Qb4 18.cxd5 Nxe4 19.a3 Qc4 20.Rc1 Nc3 21.Qc2 Rc8 22.Re3 Qxd5
23.Rxc3 Rxc3 24.Qxc3 O-O 25.Ne5 Rd8 26.g3 f6 27.Nc6 Rd7 28.Nb4 Qd6 29.Qf3 a5
30.Rc8+ Rd8 31.Rxd8+ Qxd8 32.Nc6 Qd6 33.a4 Kf7 34.Na7 Qd5 35.Kg2 g5 36.h3 h5
37.g4 hxg4 38.hxg4 Qc4 39.Qd1 f5 40.Nb5 Kg6 41.gxf5+ exf5 42.Qd6+ Kh5 43.Qd4 Qxd4
44.Nxd4 Kg4 45.Ne2 f4 46.Nd4 f3+ 47.Nxf3 Kf4 48.Nd2 Ke5 49.Nc4+ Kd4 50.Nxb6 Kc5
51.Kg3  1-0

[Event "129th ch-New York State"]
[Site "New York USA"]
[Date "2007.09.01"]
[Round "1"]
[White "Aaron,D"]
[Black "Ye,L"]
[Result "1/2-1/2"]
[WhiteElo "2043"]
[BlackElo "2141"]

1.e4 c5 2.c3 Nf6 3.e5 Nd5 4.d4 cxd4 5.cxd4 Nc6 6.Nf3 e6 7.Nc3 d6 8.Nxd5 exd5
9.Bg5 Be7 10.Bxe7 Qxe7 11.Bb5 dxe5 12.Bxc6+ bxc6 13.dxe5 Ba6 14.Qc2 Qb4+
15.Qd2 Qe4+ 16.Qe3 Qc2 17.Qd2 Qe4+ 18.Qe3 Rb8 19.O-O-O Qa4 20.Qc5 Rb4 21.Rd4 Rc4+
22.Rxc4 Qxc4+ 23.Qxc4 Bxc4 24.b3 Ba6 25.Kd2 c5 26.Rc1 c4 27.Nd4 Kd7 28.f4 g6
29.bxc4 Bxc4 30.Rb1 Rc8 31.Rb7+ Rc7 32.e6+ fxe6 33.Rxc7+ Kxc7 34.Nxe6+ Kd6
35.Nf8 Bxa2 36.Nxh7 Bb1 37.Ng5 a5 38.Kc3 Bf5 39.Kd4 a4 40.Nf7+ Kc6 41.Ne5+ Kb5
42.g4 a3 43.Kc3 d4+ 44.Kb3 d3 45.Nxd3 Bxd3 46.h4  1/2-1/2

[Event "12th ch-Asia w"]
[Site "Tehran IRI"]
[Date "2007.09.03"]
[Round "1"]
[White "Paridar,S"]
[Black "Mongontuul,B"]
[Result "1-0"]
[WhiteElo "2225"]
[BlackElo "2405"]

1.e4 c5 2.c3 Nf6 3.e5 Nd5 4.d4 cxd4 5.Nf3 Nc6 6.cxd4 d6 7.Bc4 dxe5 8.Nxe5 e6
9.O-O Be7 10.Qf3 O-O 11.Rd1 Nb6 12.Nxc6 bxc6 13.Bd3 Nd5 14.Nc3 Rb8 15.Qe4 f5
16.Qf3 Bf6 17.Bc4 Kh8 18.Na4 Nb6 19.Bf4 Nxa4 20.Bxb8 Nxb2 21.Bb3 Nxd1 22.Rxd1 Qa5
23.Bd6 Rg8 24.Bc5 Bd7 25.Qg3 h6 26.h3 Rd8 27.Bd6 Rc8 28.Qe3 Re8 29.f4 Bc8
30.Qf3 Bb7 31.Qh5 Qd8 32.Bc5 a6 33.Qf7 Bc8 34.g4 Be7 35.g5 hxg5 36.Bb6 Qd7
37.Qh5+ Kg8 38.fxg5 Bxg5 39.Qxg5  1-0

[Event "ch-Africa Men"]
[Site "Windhoek NAM"]
[Date "2007.09.04"]
[Round "4"]
[White "Onabogun,K"]
[Black "Solomon,K"]
[Result "1-0"]
[WhiteElo "1890"]
[BlackElo "2344"]

1.e4 c5 2.c3 Nf6 3.e5 Nd5 4.Nf3 e6 5.d4 cxd4 6.cxd4 d6 7.Bc4 Nb6 8.Bb3 dxe5
9.Nxe5 Nc6 10.Nf3 Be7 11.O-O Bf6 12.Be3 O-O 13.Nc3 Nd5 14.Ne4 Be7 15.Rc1 Na5
16.Bc2 f5 17.Nc3 Nc6 18.Nxd5 exd5 19.Bf4 g5 20.Be5 g4 21.Ne1 Bg5 22.Ra1 f4
23.Nd3 f3 24.g3 Qe8 25.Bb3 Be6 26.Nc5 Qf7 27.Nxe6 Qxe6 28.Re1 Rae8 29.Qd3 a6
30.h4 Bh6 31.Kh2 Qd7 32.a3 Rf7 33.Qc3 Ne7 34.Qb4 Rc8 35.Qd6 Qc6 36.Rad1 Bf8
37.Rc1 Qxc1 38.Rxc1 Rxc1 39.Qe6 Rf1 40.Qxg4+ Bg7 41.Qe6 Rxf2+ 42.Kh3 Rxb2
43.Bxd5 Nxd5 44.Qxd5 f2 45.Qd8+ Bf8 46.Qg5+ Bg7 47.Qd8+ Bf8 48.Qg5+ Rg7 49.Qf6 h5
50.d5 Rg4 51.Bxb2 Bd6 52.Qxf2 b5 53.Qf3 a5 54.Qxg4+ hxg4+ 55.Kxg4 a4 56.Kf3 b4
57.axb4 Bxb4 58.g4 a3 59.Bxa3 Bxa3 60.Ke4 Kf7 61.Kf5 Bd6 62.g5 Bg3 63.h5 Bh4
64.h6  1-0

[Event "12th ch-Asia w"]
[Site "Tehran IRI"]
[Date "2007.09.06"]
[Round "4"]
[White "Swathi,G"]
[Black "Ghader Pour,S"]
[Result "0-1"]
[WhiteElo "2317"]
[BlackElo "2190"]

1.e4 c5 2.c3 Nf6 3.e5 Nd5 4.Nf3 e6 5.d4 cxd4 6.cxd4 d6 7.exd6 Qxd6 8.Nc3 Be7
9.Bd3 Nd7 10.O-O O-O 11.Ne4 Qb6 12.Qe2 Rd8 13.Rd1 Nf8 14.Nc3 Bf6 15.Nxd5 exd5
16.Ne5 Re8 17.Be3 Bd7 18.Nxd7 Nxd7 19.Qh5 Nf8 20.Qxd5 Rad8 21.Qb5 Qxb5 22.Bxb5 Re4
23.Bd3 Re7 24.Rd2 g6 25.Bc4 Ne6 26.d5 Ng5 27.Bb3 a6 28.Bc5 Red7 29.Re2 Rc8
30.Bb4 h5 31.h4 Nh7 32.g3 Nf8 33.Rae1 Kg7 34.d6 a5 35.Bxa5 Rxd6 36.Bb4 Rdc6
37.Kg2 Rc1 38.Rxc1 Rxc1 39.Bd5 b6 40.Rd2 Rc7 41.a4 Nd7 42.Bd6 Rc1 43.b4 Ne5
44.a5 bxa5 45.bxa5 Nc4 46.Bxc4 Rxc4 47.Ra2 Bd4 48.a6 Ba7 49.Be5+ Kf8 50.Bf4 Rc6
51.Be3 Rc7 52.Kf3 Ke7 53.Rb2  0-1

[Event "XXII Open"]
[Site "Parla ESP"]
[Date "2007.09.07"]
[Round "7"]
[White "Garcia Diaz,V"]
[Black "Ortiz Suarez,I"]
[Result "0-1"]
[WhiteElo "2086"]
[BlackElo "2390"]

1.e4 c5 2.c3 Nf6 3.e5 Nd5 4.d4 cxd4 5.Qxd4 e6 6.Bc4 Nc6 7.Qe4 f5 8.Qe2 Nb6
9.Bb3 Be7 10.Nf3 O-O 11.O-O Na5 12.Bc2 d5 13.exd6 Bxd6 14.b4 Nac4 15.Bb3 Qc7
16.Nbd2 Ne5 17.Bb2 Kh8 18.c4 Nxf3+ 19.Nxf3 Bxb4 20.Rad1 Qe7 21.Ne5 Nd7 22.Rd3 Nf6
23.Rfd1 Bc5 24.Rh3 Kg8 25.Nd3 b6 26.Nxc5 bxc5 27.Be5 Rd8 28.Rxd8+ Qxd8 29.Rd3 Qe7
30.Bd6 Qe8 31.Bxc5 Bb7 32.Bd4 Qc6 33.f3 Nd7 34.Qb2 Re8 35.Bxg7 e5 36.Rxd7 Qxd7
37.Bxe5 Qd3 38.c5+ Bd5 39.f4 Bxb3 40.Qxb3+ Qxb3 41.axb3 Rc8 42.Bd6 Kf7 43.Kf2 Ke6
44.Ke3 Kd5 45.h3 h5 46.Kf3 Rg8 47.Kf2 a6 48.Kf3 h4 49.Kf2 Rg3 50.b4 Rb3 51.Be7 Rxb4
52.Bxh4 Rxf4+ 53.Kg3 Re4 54.Bf6 Kxc5 55.h4 Kd5 56.h5 Ke6 57.Bb2 Kf7 58.h6 Kg6
59.Bg7 a5 60.Kh3 a4 61.Kg3 a3 62.Kh3 a2 63.Kg3 Re1  0-1

[Event "XXII Open"]
[Site "Parla ESP"]
[Date "2007.09.07"]
[Round "7"]
[White "Lopez Heras,A"]
[Black "Arribas Lopez,A"]
[Result "0-1"]
[WhiteElo "2071"]
[BlackElo "2292"]

1.e4 c5 2.c3 Nf6 3.e5 Nd5 4.Bc4 Nb6 5.Bb3 Nc6 6.d4 cxd4 7.cxd4 d6 8.Nf3 dxe5
9.dxe5 Qxd1+ 10.Bxd1 Nc4 11.Ba4 Bd7 12.Bxc6 Bxc6 13.Nbd2 Nxd2 14.Bxd2 Rd8
15.Bc3 e6 16.Rd1 Rxd1+ 17.Kxd1 Bd5 18.Kd2 Be7 19.Nd4 O-O 20.f3 a6 21.a3 Rd8
22.Ke2 Bc4+ 23.Kf2 Bc5 24.Rd1 f6 25.f4 fxe5 26.fxe5 Rd5 27.Kg3 Rxe5 28.Nf3 Rd5
29.Rxd5 Bxd5 30.Ne5 Bd6 31.Kf2 Kf8 32.h3 Ke7 33.g4 Bc5+ 34.Kg3 Ba7 35.g5 Bb8
36.Kf4 Bb3 37.h4 Bd1 38.Ke4 Bc2+ 39.Kf3 Bb3 40.Ke4 Ba2 41.Bd4 Bb1+ 42.Ke3 Bf5
43.Nc4 g6 44.Ne5 Kd6 45.Bc3 Bc7 46.b4 Kd5 47.Kf4 Bc2 48.Bb2 Bd6 49.Ba1 b6
50.Bc3 a5 51.bxa5 bxa5 52.Bb2 a4 53.Ba1 Bxa3 54.Ng4 Bc1+ 55.Kg3 a3  0-1

[Event "Open"]
[Site "Liverpool ENG"]
[Date "2007.09.08"]
[Round "8"]
[White "Smerdon,D"]
[Black "Vovk,Y"]
[Result "0-1"]
[WhiteElo "2461"]
[BlackElo "2557"]

1.e4 c5 2.c3 Nf6 3.e5 Nd5 4.d4 cxd4 5.Nf3 Nc6 6.cxd4 d6 7.Bc4 Nb6 8.Bb3 dxe5
9.d5 Na5 10.Nc3 f6 11.Be3 Bd7 12.O-O Nbc4 13.Nh4 g6 14.Qd3 Nxe3 15.fxe3 Nxb3
16.axb3 Bh6 17.Nxg6 hxg6 18.Qxg6+ Kf8 19.d6 Bxe3+ 20.Kh1 Rh6 21.Qd3 Bf4 22.Nd5 e4
23.dxe7+ Qxe7 24.Qc2 Rxh2+ 25.Kg1 Rh1+ 26.Kf2 e3+ 27.Kf3 Rxf1+ 28.Rxf1 e2
29.Rh1 e1=N+ 30.Rxe1 Qxe1 31.Nxf4 Bc6+ 32.Kg4 Qe4  0-1

[Event "3rd Geller mem Open A"]
[Site "Odessa UKR"]
[Date "2007.09.09"]
[Round "2"]
[White "Vysochin,S"]
[Black "Reutsky,S"]
[Result "1-0"]
[WhiteElo "2518"]
[BlackElo "2360"]

1.e4 c5 2.c3 Nf6 3.e5 Nd5 4.Nf3 Nc6 5.Bc4 e6 6.d4 cxd4 7.cxd4 d6 8.O-O Be7
9.Qe2 O-O 10.Rd1 Qb6 11.Nc3 Nxc3 12.bxc3 Bd7 13.Bd3 g6 14.Bh6 Rfb8 15.Qe4 Qc7
16.Qf4 Be8 17.h4 dxe5 18.dxe5 Rd8 19.Bg5 Rd5 20.Bxe7 Qxe7 21.Be4 Rxd1+ 22.Rxd1 Rd8
23.Rb1 b6 24.h5 Nb8 25.Nh2 Bc6 26.Bxc6 Nxc6 27.Ng4 Kh8 28.Nf6 Qf8 29.Re1 Ne7
30.hxg6 Nxg6 31.Qg5 h6 32.Qe3 Ne7 33.g3 Qg7 34.Kg2 Nf5 35.Qe4 Qg5 36.Rh1 Kg7
37.Rh5 Qg6 38.a4 Ne7 39.Qf3 Nd5 40.Rh4 Nxf6 41.exf6+ Kh7 42.Rg4 Qf5 43.Rg7+ Kh8
44.Qxf5 exf5 45.Rxf7 Rd6 46.Kf3 Kg8 47.Rg7+ Kf8 48.Rxa7 Rxf6 49.Kf4 Rc6 50.Kxf5 Rxc3
51.Kg4 Ra3 52.f4 b5 53.Rh7 bxa4 54.Rxh6 Ra1 55.Ra6 a3 56.Kf5 a2 57.g4 Ke7
58.g5 Kd7 59.Kg6 Rf1 60.Rxa2 Rxf4 61.Re2  1-0

[Event "ch-Africa Men"]
[Site "Windhoek NAM"]
[Date "2007.09.09"]
[Round "9"]
[White "Aderito,P"]
[Black "Adly,A"]
[Result "1/2-1/2"]
[WhiteElo "2305"]
[BlackElo "2488"]

1.e4 c5 2.c3 Nf6 3.e5 Nd5 4.d4 cxd4 5.cxd4 Nc6 6.Nf3 d6 7.exd6 e6 8.Nc3 Bxd6
9.Bd3 O-O 10.O-O h6 11.Re1 Bd7 12.Bc2 Rc8 13.Qd3 f5 14.Bb3 Ncb4 15.Qe2 Nxc3
16.bxc3 Rxc3 17.Bd2 Rxb3 18.axb3 Nc2 19.Ba5 Qc8 20.Rec1 Nxa1 21.Rxc8 Rxc8
22.Qb2 Nc2 23.h3 Nb4 24.Bxb4 Bxb4 25.Ne5 Bb5 26.Qa1 a5 27.Qd1 Rd8 28.Qc2 Bd6
29.g4 Bxe5 30.dxe5 fxg4 31.hxg4 Bc6 32.f4 Rd4 33.Qg6 Rxf4 34.Qxe6+ Kh7 35.Kh2 Rf2+
36.Kg1 Rf4 37.Kh2 Rf2+ 38.Kg3 Rf3+ 39.Kh2 a4 40.bxa4 Bxa4 41.Qc4 Bc6 42.Qc2+ Kh8
43.e6 Rf8 44.e7 Rf6 45.Qe4 Bxe4 46.e8=Q+ Kh7 47.Qxe4+ Kh8 48.Qxb7 g5 49.Qe7 Rf4
50.Kg3  1/2-1/2

[Event "60th ch-RUS Higher League"]
[Site "Krasnoyarsk RUS"]
[Date "2007.09.11"]
[Round "8"]
[White "Kobalia,M"]
[Black "Khismatullin,D"]
[Result "1-0"]
[WhiteElo "2634"]
[BlackElo "2566"]

1.e4 c5 2.c3 Nf6 3.e5 Nd5 4.Nf3 Nc6 5.Bc4 Nb6 6.Bb3 d5 7.exd6 Qxd6 8.Na3 Be6
9.d4 cxd4 10.Nb5 Qd7 11.O-O Bxb3 12.axb3 e5 13.cxd4 a6 14.d5 Nb4 15.Nc3 f6
16.Nxe5 fxe5 17.Qh5+ Qf7 18.Qxe5+ Qe7 19.Qh5+ g6 20.Qg4 Kf7 21.Bg5 Qe5 22.Be3 Bd6
23.Qe6+ Qxe6 24.dxe6+ Kxe6 25.Bxb6 Rac8 26.Rad1 Rc6 27.Rfe1+ Kf7 28.Ba5 Re8
29.Ne4 Be7 30.Rd7 Kf8 31.Rxe7 Kxe7 32.Bxb4+ Kd8 33.f3 b6 34.Bc3 Kc7 35.Rd1 Re7
36.b4 h6 37.h4 Rd7 38.Ra1 Kb7 39.Kf2 Rd5 40.Re1 a5 41.bxa5 bxa5 42.Ra1 Ra6
43.Ra4 Rb5 44.Ke2 Rd5 45.Bd2 Rb5 46.Kd3 Rc6 47.Ra2 Rd5+ 48.Ke2 Rh5 49.g3 Kb6
50.Bc3 Rd5 51.Ra4 Rc7 52.Ke3 Rc6 53.f4 h5 54.Bd4+ Kb5 55.b3 Ka6 56.Nc3 Rf5
57.Kd3 Kb7 58.Be5 Ra6 59.Ne4 Kb6 60.Kc4 Rf8 61.Bd4+ Kc7 62.Nc5  1-0

[Event "3rd Geller mem Open A"]
[Site "Odessa UKR"]
[Date "2007.09.13"]
[Round "6"]
[White "Fingerov,D"]
[Black "Murariu,A"]
[Result "1-0"]
[WhiteElo "2330"]
[BlackElo "2511"]

1.e4 c5 2.c3 Nf6 3.e5 Nd5 4.d4 cxd4 5.cxd4 d6 6.Nf3 e6 7.Bc4 Nb6 8.Bd3 Nc6
9.O-O Nb4 10.Be2 Bd7 11.Nc3 Bc6 12.Bf4 a6 13.Qd2 Be7 14.Bg3 O-O 15.Rfd1 Rc8
16.exd6 Bxd6 17.Ne5 Bd5 18.a3 Nc6 19.Nxd5 Nxd5 20.Rac1 Nce7 21.Bf3 Rxc1 22.Rxc1 Bb8
23.Bh4 f6 24.Nc4 Nf5 25.Bg3 Ba7 26.Na5 Nxd4 27.Nxb7 Qd7 28.Nc5 Bxc5 29.Rxc5 Nxf3+
30.gxf3 Rc8 31.b4 Rxc5 32.bxc5 Qc6 33.Bd6 e5 34.Qd3 h5 35.Qc4 Kh7 36.Qe4+ Kg8
37.f4 exf4 38.Qe6+ Kh7 39.Qf5+ g6 40.Qe6 Qb7 41.h4 f3 42.Kh2 a5 43.Kh3 a4
44.Kg3 Nc3 45.c6 Qxc6 46.Qf7+ Kh6 47.Qxf6 Kh7 48.Qf7+ Kh6 49.Bf4+  1-0

[Event "17th ch-EU U16 Girls"]
[Site "Sibenik CRO"]
[Date "2007.09.14"]
[Round "1"]
[White "Orehek,S"]
[Black "Ildzhirinova,S"]
[Result "1/2-1/2"]
[WhiteElo "1847"]
[BlackElo "2106"]

1.e4 c5 2.c3 Nf6 3.e5 Nd5 4.d4 cxd4 5.cxd4 e6 6.Bc4 Nc6 7.Nf3 d6 8.O-O Be7
9.Qe2 O-O 10.Nc3 dxe5 11.dxe5 Nxc3 12.bxc3 Qa5 13.Qe4 Qa4 14.Bd3 Qxe4 15.Bxe4 Bd7
16.Rb1 Rab8 17.Rd1 Rfd8 18.Be3 Be8 19.h3 Rxd1+ 20.Rxd1 b6 21.Bxc6 Bxc6 22.Nd4 Ba4
23.Rb1 Rc8 24.Bd2 Rd8 25.Be3 Bc5 26.Kf1 h6 27.Ke2 Kf8 28.f4 Rc8 29.Kd2 Ke7
30.g3 Bc6 31.h4 h5 32.Rg1 Bxd4 33.Bxd4 Bd5 34.a3 Rc4 35.Ra1 Ra4 36.Ke3 Kd7
37.Kd2 Kc6 38.Kc2 Kb5 39.Rb1+ Kc4 40.Rb4+ Rxb4 41.axb4 Kb5 42.Kd3 a5 43.bxa5 bxa5
44.Be3 Bc4+ 45.Kd4 Be2 46.Bd2 Bf1 47.c4+ Bxc4 48.Bxa5 Kxa5 49.Kxc4 Kb6 50.Kb4 Kc6
51.Kc4 Kc7 52.Kc5 Kd7 53.Kd4 Kc7 54.Kc3 Kd7 55.Kd4 Kc7 56.Kc3 Kc6 57.Kc4 g6
58.Kd4 Kb5 59.Kd3 Kc5 60.Kc3  1/2-1/2

[Event "17th ch-EU U16 Boys"]
[Site "Sibenik CRO"]
[Date "2007.09.14"]
[Round "1"]
[White "Arslanov,S"]
[Black "Baturina,A"]
[Result "0-1"]
[WhiteElo "2266"]
[BlackElo "1980"]

1.e4 c5 2.c3 Nf6 3.e5 Nd5 4.d4 cxd4 5.Nf3 Nc6 6.cxd4 e6 7.Bc4 Nb6 8.Bb3 d6
9.Qe2 dxe5 10.dxe5 Be7 11.O-O O-O 12.Nc3 Nd7 13.Bc2 Qa5 14.Re1 Rd8 15.a3 Nf8
16.Bd2 Nd4 17.Nxd4 Rxd4 18.b4 Qd8 19.Be3 Rd7 20.Ba4 Rd3 21.Ne4 Rd5 22.f4 Bd7
23.Bb3 Bb5 24.Qg4 Rd7 25.Nc5 Bxc5 26.Bxc5 Rd2 27.Bd6 Qb6+ 28.Kh1 Bc6 29.Re2 Qd4
30.Rxd2 Qxd2 31.Rg1 Ng6 32.f5 Nf4 33.h3 h5 34.Qg5 Qe3 35.fxe6 Qxh3+  0-1

[Event "TCh-FIN 2007-8"]
[Site "Finland FIN"]
[Date "2007.09.15"]
[Round "1"]
[White "Vihinen,T"]
[Black "Sorsa,N"]
[Result "0-1"]
[WhiteElo "2194"]
[BlackElo "2226"]

1.e4 c5 2.c3 Nf6 3.e5 Nd5 4.d4 cxd4 5.Nf3 e6 6.cxd4 a6 7.a3 Be7 8.Bd3 b5
9.O-O Bb7 10.Nc3 d6 11.Bc2 Nd7 12.exd6 Bxd6 13.Ne4 Bb8 14.Bg5 N5f6 15.Re1 h6
16.Bh4 Bf4 17.Ne5 Qc7 18.Bg3 Bxg3 19.hxg3 Rd8 20.Nxd7 Qxd7 21.Nxf6+ gxf6
22.Be4 Bxe4 23.Rxe4 Qd5 24.Qe2 Rc8 25.Rh4 Ke7 26.a4 Rc7 27.axb5 Qxb5 28.Qd2 Rb8
29.Rxh6 Qxb2 30.Qa5 Qb6 31.Qa3+ Qd6 32.Qxd6+ Kxd6 33.Rxa6+ Kd5 34.Ra4 Rb1+
35.Kh2 f5 36.g4 fxg4 37.Kg3 Rd1 38.Kxg4 Rxd4+ 39.Rxd4+ Kxd4 40.Rf6 Ke5 41.Rf3 f5+
42.Kh3 Rh7+ 43.Kg3 Kf6 44.Ra3 e5 45.Kf3 Kg5 46.Ra5 e4+ 47.Ke3 Rb7 48.Ra3 Rb2
49.g3 Kg4 50.Rc3 Kh3 51.f3 Kxg3 52.fxe4 f4+ 53.Kd4+ f3 54.e5 Kf4 55.e6 Re2
56.Rc8 Rxe6  0-1

[Event "3rd Geller mem Open A"]
[Site "Odessa UKR"]
[Date "2007.09.15"]
[Round "8"]
[White "Goreskul,A"]
[Black "Reutsky,S"]
[Result "1/2-1/2"]
[WhiteElo "2291"]
[BlackElo "2360"]

1.e4 c5 2.c3 Nf6 3.e5 Nd5 4.g3 d6 5.exd6 Qxd6 6.Bg2 Nc6 7.Ne2 Bf5 8.d4 O-O-O
9.O-O e5 10.Na3 exd4 11.cxd4 Qd7 12.Nc4 Ndb4 13.Ne3 cxd4 14.Nxf5 Qxf5 15.a3 Nc2
16.Rb1 d3 17.Nc3 Bc5 18.Be4 Qh3 19.Bf4 N2d4 20.b4 Bd6 21.b5 Ne5 22.Bxe5 Bxe5
23.Qxd3 Qe6 24.Na4 b6 25.Rfc1+ Kb8 26.Nc5 bxc5 27.b6 Nb3 28.Qxb3 Qxb3 29.Rxb3 axb6
30.Rxb6+ Kc7 31.Rc6+ Kd7 32.R6xc5 f6 33.a4 Ke7 34.Rb5 Rb8 35.Rxb8 Rxb8 36.a5 Rb2
37.Rc2 Rxc2 38.Bxc2 h6 39.Kg2 Bd4 40.f4 g5 41.Kf3 h5 42.Bg6 h4 43.Kg4  1/2-1/2

[Event "3rd Geller mem Open A"]
[Site "Odessa UKR"]
[Date "2007.09.15"]
[Round "8"]
[White "Vysochin,S"]
[Black "Zinchenko,Ya"]
[Result "1/2-1/2"]
[WhiteElo "2518"]
[BlackElo "2497"]

1.e4 c5 2.c3 Nf6 3.e5 Nd5 4.Nf3 Nc6 5.Bc4 e6 6.d4 cxd4 7.cxd4 d6 8.O-O Be7
9.Qe2 O-O 10.Rd1 Na5 11.b3 Bd7 12.Bxd5 exd5 13.Nc3 Be6 14.Ba3 a6 15.h3 Nc6
16.Rac1 Rc8 17.Na4 Bf5 18.Nc3 Be6 19.Qd2 b5 20.exd6 Bxd6 21.Bxd6 Qxd6 22.Ne2 Rfe8
23.Rc3 b4 24.Re3 Bf5 25.Rxe8+ Rxe8 26.Qf4 Qxf4 27.Nxf4 Rd8 28.Rc1 Na7 29.Rc5 Be4
30.Ne5 f6 31.Nc6 Nxc6 32.Rxc6 Ra8 33.Rc5 a5 34.Nxd5 Rd8 35.Ne3 Rxd4 36.Rxa5 Bb1
37.Ra4 f5 38.Nc4 h6 39.Rxb4 Bxa2 40.Rb8+ Kh7 41.Ne5 Rd5 42.Nc6 Rd1+ 43.Kh2 Rd2
44.f3 f4 45.h4 Rd3 46.b4 Rd2 47.b5 Bc4 48.Ne5 Bf1 49.Kg1 Rd5 50.Re8 Bxb5
51.Re7 Rd4 52.Kh2 Rd2  1/2-1/2

[Event "17th ch-EU U18 Boys"]
[Site "Sibenik CRO"]
[Date "2007.09.15"]
[Round "2"]
[White "Musovic,A"]
[Black "Katov,L"]
[Result "1/2-1/2"]
[WhiteElo "2079"]
[BlackElo "2277"]

1.e4 c5 2.c3 Nf6 3.e5 Nd5 4.d4 cxd4 5.Nf3 Nc6 6.cxd4 d6 7.Nc3 dxe5 8.dxe5 Nxc3
9.Qxd8+ Nxd8 10.bxc3 Nc6 11.Rb1 b6 12.Bb5 Bd7 13.Bf4 e6 14.Ke2 h6 15.h4 O-O-O
16.Rhd1 Bc5 17.Nd2 Nb8 18.Bxd7+ Nxd7 19.Ne4 Be7 20.Rd3 Nc5 21.Nxc5 Bxc5 22.Rbd1 Rxd3
23.Rxd3 Rd8 24.Rg3 Bf8 25.Be3 Kd7 26.Rg4 Kc6 27.Rc4+ Bc5 28.Bxc5 bxc5 29.Rf4 Rd7
30.c4 Rb7 31.Kd3 a5 32.Kc2 a4 33.Rf3 g6 34.g3 h5 35.Rd3  1/2-1/2

[Event "17th ch-EU U16 Girls"]
[Site "Sibenik CRO"]
[Date "2007.09.15"]
[Round "2"]
[White "Manyoki,A"]
[Black "Warakomska,A"]
[Result "0-1"]
[WhiteElo "1979"]
[BlackElo "2135"]

1.e4 c5 2.c3 Nf6 3.e5 Nd5 4.d4 cxd4 5.Nf3 e6 6.cxd4 d6 7.a3 Nc6 8.Bd3 Be7
9.O-O O-O 10.Nbd2 dxe5 11.dxe5 Qc7 12.Qc2 h6 13.b4 Nxe5 14.Nxe5 Qxe5 15.Bb2 Qc7
16.Qxc7 Nxc7 17.Be4 Nd5 18.Bxd5 exd5 19.Nb3 b6 20.Rfe1 Be6 21.Nd4 Bf6 22.Nxe6 Bxb2
23.Nxf8 Bxa1 24.Rxa1 Kxf8 25.Rd1 Rc8 26.Kf1 Rc3 27.Rxd5 Rxa3 28.Rd7 Ra4 29.b5 Ra5
30.g3 g6 31.h4 h5 32.Kg2 Kg7 33.Kf3 Kf6 34.Rc7 Ke6 35.Rc6+ Ke5 36.Rc7 f6
37.Rd7 Rxb5 38.Rxa7 Rb2 39.Rg7 Kf5 40.Rb7 Rb3+ 41.Kg2 b5 42.Rb8 Rb4 43.Rb7 g5
44.hxg5 fxg5 45.Rb8 h4 46.Rf8+ Ke4 47.Rg8 Kf5 48.Rf8+ Ke5 49.Rg8 Kf6 50.Rf8+ Kg7
51.Rb8 hxg3 52.Kxg3 Kf6 53.Rf8+ Ke5 54.Rg8 Kf5 55.Rf8+ Ke6 56.Rg8 g4 57.Rg5 Kd6
58.f4 gxf3 59.Kxf3 Kc6 60.Ke3 Kb6 61.Kd3 Rc4 62.Rg8 Ka5 63.Ra8+ Kb4 64.Rb8 Ka4
65.Ra8+ Kb3 66.Ra1 Kb2 67.Re1 Rc3+ 68.Kd4 b4 69.Re2+ Rc2 70.Re8 b3 71.Rb8 Ka2
72.Kd3 Rh2 73.Ra8+ Kb1 74.Rb8 b2 75.Rb6 Kc1  0-1

[Event "17th ch-EU U18 Boys"]
[Site "Sibenik CRO"]
[Date "2007.09.16"]
[Round "3"]
[White "Potapov,P"]
[Black "Hrabusa,M"]
[Result "1/2-1/2"]
[WhiteElo "2386"]
[BlackElo "2277"]

1.e4 c5 2.c3 Nf6 3.e5 Nd5 4.Nf3 e6 5.d4 cxd4 6.cxd4 d6 7.Nc3 dxe5 8.Nxe5 a6
9.Qf3 Nf6 10.Be3 Bd6 11.Rd1 Qc7 12.Nc4 Bb4 13.Bf4 Qd8 14.a3 Bxc3+ 15.bxc3 O-O
16.Bd6 Re8 17.Be5 Nc6 18.Nd6 Rf8 19.Bd3 Qe7 20.Bxf6 Qxf6 21.Qxf6 gxf6 22.Rb1 b5
23.Be4 Bd7 24.Nb7 Ne7 25.Nc5 Bc6 26.Bxc6 Nxc6 27.Nd7 Rfd8 28.Nxf6+ Kg7 29.Ng4 Rac8
30.Ke2 f5 31.Ne3 f4 32.Nc2 e5 33.dxe5 Nxe5 34.Nd4 Kf6 35.Rbc1 Rc4 36.Rhd1 Rdc8
37.Nf3  1/2-1/2

[Event "17th ch-EU U16 Boys"]
[Site "Sibenik CRO"]
[Date "2007.09.16"]
[Round "3"]
[White "Arslanov,S"]
[Black "Sucic,D"]
[Result "0-1"]
[WhiteElo "2266"]
[BlackElo "1967"]

1.e4 c5 2.c3 Nf6 3.e5 Nd5 4.d4 cxd4 5.Nf3 Nc6 6.cxd4 d6 7.Bc4 Nb6 8.Bb3 dxe5
9.d5 Na5 10.Nc3 Nxb3 11.Qxb3 g6 12.Nxe5 Bg7 13.f4 O-O 14.Be3 Qd6 15.Bd4 Rd8
16.O-O-O Bd7 17.g3 Rac8 18.Nxd7 Qxd7 19.Kb1 Nc4 20.Rhe1 Nd6 21.Bxg7 Kxg7
22.Re5 b5 23.Rde1 Re8 24.Ka1 a5 25.Qd1 a4 26.Ne2 Nc4 27.Re4 Rc7 28.Nc3 Nd6
29.R4e3 Nc4 30.Rd3 a3 31.bxa3 Nxa3 32.d6 exd6 33.Rxe8 Qxe8 34.Nd5 Nc2+ 35.Kb2 Rc6
36.Re3 Nxe3 37.Qd4+ Kh6 38.Nxe3 Qe6 39.g4 f6 40.h4 Ra6 41.a3 Ra4 42.g5+ Kg7
43.Qc3 Rxf4 44.Qc7+ Qf7 45.Qxd6 Rxh4 46.Nd5 fxg5 47.Qe5+ Kh6 48.Nf6 Qc4 49.Qd6 Qe2+
50.Kb3 Qc4+ 51.Kb2 Qd4+  0-1